| 000 | 00346nam a2200145Ia 4500 | ||
|---|---|---|---|
| 008 | 150201s2009 xx 000 0 und d | ||
| 082 |
_a616.01 _bM09G |
||
| 100 | _aGREENWOOD,DAVID | ||
| 245 | _aMEDICAL MICROBIOLOGY | ||
| 250 | _a17TH | ||
| 260 |
_bJAYPEE BROTHERS _aDELHI _c2009 |
||
| 300 | _a1-738 | ||
| 650 | _aMICROBIOLOGY | ||
| 942 |
_2ddc _cBK _06 |
||
| 999 |
_c520 _d520 |
||